America's energy future : hearing before the Committee on Oversight and Government Reform, House of Representatives, One Hundred Twelfth Congress, second session.

Bibliographic Details
Corporate Author: United States. Congress. House. Committee on Oversight and Government Reform
Format: Government Document eBook
Language:English
Published: Washington : U.S. G.P.O., 2012-
Subjects:
Online Access:https://purl.fdlp.gov/GPO/gpo28237

MARC

Tag First Indicator Second Indicator Subfields
LEADER 00000cam a2200000 a 4500
001 in00002781372
005 20211120170020.0
006 m o d f
007 cr bn|||||||||
008 120913m20129999dcuab ob f000 0 eng c
035 |a (OCoLC)ocn809868957 
037 |a 552-070-45127-7 (pt.1)  |b GPO  |f paper 
037 |a 552-070-45138-2 (pt.2)  |b GPO  |f paper 
040 |a GPO  |c GPO  |d GPO  |d OCLCQ  |d GPO  |d MvI  |d UtOrBLW 
042 |a pcc 
043 |a n-us--- 
049 |a WWW 
050 1 4 |a KF27  |b .O94 2012q 
074 |a 1016-C (online) 
086 0 |a Y 4.G 74/7:112-163 
086 0 |a Y 4.G 74/7:112-165 
088 |a Serial no. 112-163 (United States. Congress. House. Committee on Oversight and Government Reform) 
088 |a Serial no. 112-165 (United States. Congress. House. Committee on Oversight and Government Reform) 
110 1 |a United States.  |b Congress.  |b House.  |b Committee on Oversight and Government Reform. 
245 1 0 |a America's energy future :  |b hearing before the Committee on Oversight and Government Reform, House of Representatives, One Hundred Twelfth Congress, second session. 
264 1 |a Washington :  |b U.S. G.P.O.,  |c 2012- 
300 |a 1 online resource (volumes) :  |b illustrations, maps. 
336 |a text  |b txt  |2 rdacontent 
337 |a computer  |b c  |2 rdamedia 
338 |a online resource  |b cr  |2 rdacarrier 
500 |a Title from pt. 1 title screen (viewed on Sept. 13, 2012). 
500 |a "July 13, 2012"--Pt. 1. 
500 |a "July 14, 2012"--Pt. 2. 
500 |a Paper version available for sale by the Supt. of Docs., U.S. G.P.O. 
504 |a Includes bibliographical references. 
505 1 |a pt. 1. A review of unnecessary and burdensome regulations -- pt. 2. A blueprint for domestic energy production. 
500 |a "Serial number 112-163"--Pt. 1. 
500 |a "Serial number 112-165"--Pt. 2. 
500 |a Electronic resource. 
650 0 |a Energy industries  |x Government policy  |z United States. 
650 0 |a Energy development  |x Government policy  |z United States. 
650 0 |a Energy policy  |z United States. 
776 0 8 |i Print version:  |a United States. Congress. House. Committee on Oversight and Government Reform.  |t America's energy future  |w (OCoLC)812268991 
776 0 8 |i Microfiche version:  |a United States. Congress. House. Committee on Oversight and Government Reform.  |t America's energy future  |w (OCoLC)824910097 
856 4 0 |u https://purl.fdlp.gov/GPO/gpo28237  |t 0 
999 |a MARS 
999 f f |s 89b65891-8b7b-3cfc-89a7-bc036ec25c26  |i 9676e571-7f94-3095-9b82-3d300b6a01ac  |t 0 
952 f f |a Texas A&M University  |b College Station  |c Electronic Resources  |d Available Online  |t 0  |e Y 4.G 74/7:112-165  |h Superintendent of Documents classification 
998 f f |a Y 4.G 74/7:112-165  |t 0  |l Available Online